000 00744nam a2200289Ia 4500
001 Z_1544
003 CHAP
008 220113s1992 xx 000 0 und d
010 _a164632
040 _cCHAP
082 _a633.202 T49
100 _aThe Texas Agricultural Experiment Station
_9138686
245 _aTexas turfgrass research, 1992 /
_cby TAES
260 _aCollege Station, Texas :
_bThe Station,
_c1992
300 _a91 p. ; ilus. ; gráf
440 _aConsolidated PR4977-5010
_927349
500 _a
503 _a
650 _aPastos
_xInvestigación
_986052
650 _aPastos
_xMejoramiento I. t.
_9138687
901 _a633.202 T49
902 _aA
910 _a1992
942 _c1
942 _cc1
999 _c164632
_d164632